KOHA-Header-6

India: An Apartheid State (Record no. 12935)

000 -LEADER
fixed length control field 00262nam a22001217a 4500
020 ## - INTERNATIONAL STANDARD BOOK NUMBER
ISBN 9789692316910
082 ## - DEWEY DECIMAL CLASSIFICATION NUMBER
Classification number 954
100 ## - MAIN ENTRY--AUTHOR NAME
Personal name Dr. Junaid Ahmed
245 ## - TITLE STATEMENT
Title India: An Apartheid State
260 ## - PUBLICATION, DISTRIBUTION, ETC. (IMPRINT)
Place of publication Pakistan
Name of publisher AJA
Year of publication 2018
300 ## - PHYSICAL DESCRIPTION
Number of Pages 454 pages.
942 ## - ADDED ENTRY ELEMENTS (KOHA)
Koha item type Books
Holdings
Withdrawn status Lost status Collection code Permanent Location Current Location Shelving location Date acquired Full call number Accession Number Koha item type
    English Literature MAJU MAJU Shelf No.A14 2021-01-13 954 9655 English Literature

Powered by Koha